[Event "SR 1. liga zapad 2013/2014"]
[Site "?"]
[Date "2013.11.16"]
[Round "3.7"]
[White "Krajnak, Robert"]
[Black "Hecko, Dusan"]
[Result "1/2-1/2"]
[WhiteElo "2045"]
[BlackElo "2107"]
[Annotator "Fritz 12 (20s)"]
[PlyCount "99"]
[EventDate "2013.??.??"]

{A28: English Opening: Four Knights Variation} 1. c4 e5 2. Nc3 Nf6 3. Nf3 Nc6
4. d3 Be7 $2 (4... Bb4) 5. e3 O-O 6. Be2 d5 7. cxd5 Nxd5 8. O-O Be6 9. Bd2 Qd7
{N} (9... Nb6 10. a3 a5) 10. a3 Rfd8 11. b4 a6 12. Qc2 Nxc3 (12... Nb6 13. h3
$15) 13. Bxc3 $11 f6 14. Nd2 Na7 15. Ne4 Nb5 16. Bb2 Bd5 17. Rfc1 Bxe4 (17...
Qe8 $142 $5 $11 18. a4 Nd6 19. Ng3 c6) 18. dxe4 $16 c6 19. Rd1 Qe8 20. a4 Nc7
21. Bc3 Rxd1+ 22. Qxd1 g6 23. f4 exf4 24. Qb3+ Kg7 25. exf4 Rd8 26. Qb2 Qf8 27.
g3 Qf7 28. Re1 h5 29. Rf1 c5 30. bxc5 Bxc5+ $16 31. Kg2 b5 32. axb5 axb5 33. e5
b4 34. exf6+ Kh7 (34... Kh6 35. Be5 Nd5 36. Rf3 $11) 35. Be5 Nd5 $14 36. Rf3 h4
37. g4 Ne3+ $2 (37... Ra8 $142 38. Qc1 Ra2 39. Qxc5 Rxe2+ 40. Kf1 Re4 $18) 38.
Kh3 $18 Qd5 39. Rxe3 $1 Bxe3 40. Qxb4 Rd7 41. f7 (41. Kxh4 Qg2 42. Qe7+ Rxe7
43. f7 Rxe5 44. f8=N+ Kg7 45. Ne6+ Kg8 46. fxe5 Qxh2#) 41... Qxf7 42. Qb8 $2 (
42. Bc4 $142 Qe8 43. Qe1 Bxf4 44. Qxh4+ Bh6 45. g5 $18) 42... Qg8 $11 43. Qxg8+
Kxg8 44. Kxh4 Bd4 45. Bc4+ Kf8 46. Kg5 Bxe5 47. fxe5 Rd4 48. Bb3 Rd3 $2 (48...
Re4 49. Kxg6 Rxg4+ 50. Kf5 $11) 49. Ba4 $2 (49. Bc2 $142 Rd2 50. Bxg6 $18)
49... Rh3 50. Kxg6 1/2-1/2

[Event "SR 1. liga zapad 2013/2014"]
[Site "?"]
[Date "2013.11.17"]
[Round "4.7"]
[White "Hecko, Dusan"]
[Black "Dolnak, Michal"]
[Result "1/2-1/2"]
[WhiteElo "2107"]
[BlackElo "2164"]
[Annotator "Fritz 12 (20s)"]
[PlyCount "65"]
[EventDate "2013.??.??"]

{A28: English Opening: Four Knights Variation} 1. c4 e5 2. Nc3 Nf6 3. Nf3 Nc6
4. d4 exd4 5. Nxd4 Bb4 6. g3 Ne5 $2 7. e3 {N} (7. Bf4 Nxc4 8. Qb3 Bxc3+ 9. bxc3
d5 $11 10. Nb5 Nd6 11. Nxd6+ cxd6 12. Bg2) (7. Qb3 Qe7 8. Be3 d5 9. cxd5 Nfg4
10. Nc2 Nxe3 11. Nxe3 Bc5 12. Ne4 $11) 7... O-O 8. Be2 $2 (8. f4 $142 Nc6 9.
Bg2 $11) 8... d5 $19 9. cxd5 Nxd5 (9... Qxd5 $142 $1 10. Bf3 Nxf3+ 11. Qxf3
Bxc3+ 12. bxc3 Qc4 $19) 10. Bd2 $15 Nxc3 11. Bxc3 Bxc3+ 12. bxc3 Bh3 13. f4 Qd5
14. Rg1 $11 Nc4 15. Qd3 Nd6 16. Bf3 Qa5 17. Kf2 c5 18. Nb3 Qc7 19. Rgd1 Rad8
$15 20. Qc2 Be6 21. e4 b6 22. e5 $11 Nf5 23. Be4 g6 24. Rxd8 Rxd8 25. Rd1 c4
26. Rxd8+ Qxd8 27. Qd2 Qe7 28. Nd4 Nxd4 29. Qxd4 Qa3 30. Qd8+ Kg7 31. Qf6+ Kg8
32. Qd8+ Kg7 33. Qf6+ 1/2-1/2

[Event "SR 1. liga zapad 2013/2014"]
[Site "?"]
[Date "2013.12.14"]
[Round "5.7"]
[White "Liptak, Dusan"]
[Black "Hecko, Dusan"]
[Result "1-0"]
[WhiteElo "2108"]
[BlackElo "2107"]
[Annotator "Fritz 12 (20s)"]
[PlyCount "131"]
[EventDate "2013.??.??"]

{A55: Old Indian Defence with Nf3 and e4} 1. d4 Nf6 2. c4 d6 3. Nf3 Nbd7 4. Nc3
e5 5. e4 Be7 6. Be2 O-O 7. O-O Re8 8. d5 c6 9. Qc2 Qc7 (9... a6 10. Be3 cxd5
11. cxd5 Ng4 12. Bd2 b5 13. b4 Nb6 14. a4 bxa4 15. Nxa4 Bd7 16. Nc3 Qc8 $16)
10. Be3 Nf8 11. h3 Bd7 12. Rfd1 a5 13. dxc6 bxc6 14. c5 Ne6 15. cxd6 Bxd6 16.
Na4 Rad8 $4 17. Bb6 Qb8 18. Bxd8 Rxd8 19. b3 c5 20. Nc3 Nd4 21. Qd2 Qa8 22. Qd3
Bc6 23. Nd2 Rd7 24. Bg4 Ra7 25. Bf3 g6 26. Re1 Kg7 27. Nc4 Ne8 28. Nb6 Qd8 29.
Nbd5 Nc7 30. g3 h5 31. Bg2 Nce6 32. Rac1 Be7 33. Rf1 Bg5 34. f4 exf4 35. gxf4
Bh6 36. Rce1 Qh4 37. f5 Nf4 $11 38. Nxf4 Bxf4 39. fxg6 fxg6 40. e5 Bxg2 $2 (
40... Nf3+ $142 $1 41. Rxf3 Bxf3 $17) 41. Kxg2 $14 Ne6 42. Re4 $18 Rf7 43. Ne2
Qg5+ $16 44. Kh1 Bxe5 45. Rxf7+ Kxf7 46. Qe3 Qxe3 47. Rxe3 Kf6 48. Rf3+ Kg5 49.
Kg2 h4 50. Rf7 Bf6 51. Ra7 Bd8 52. Rd7 Kf5 53. Rd5+ Kf6 54. Kf3 Be7 55. Nf4
Nd4+ 56. Ke4 Nc2 $2 57. Rd7 Bf8 58. Ra7 g5 59. Nd5+ Ke6 60. Ra6+ Bd6 61. Rxa5
Nd4 62. Ne3 Ne2 63. Ra6 Kd7 64. Kf5 Be7 65. Nd5 Bd8 66. Nf6+ 1-0

[Event "SR 1. liga zapad 2013/2014"]
[Site "?"]
[Date "2013.12.15"]
[Round "6.8"]
[White "Kutny, Marian 1968"]
[Black "Hecko, Dusan"]
[Result "0-1"]
[WhiteElo "1589"]
[BlackElo "2107"]
[Annotator "Fritz 12 (20s)"]
[PlyCount "88"]
[EventDate "2013.??.??"]

{B01: Scandinavian Defence} 1. e4 d5 2. exd5 Qxd5 3. Nc3 Qd6 4. h3 Bf5 {N} (
4... Nf6 5. Nf3 a6 6. d4 b5 7. g3 Bb7 8. Bg2 e6) 5. Nf3 Nf6 6. Bc4 e6 7. d3 c6
8. a3 Be7 9. Be3 Nbd7 10. Qd2 Nd5 11. Nxd5 exd5 12. Bb3 O-O 13. Nd4 Qf6 14. g4
Be6 15. O-O-O c5 16. g5 Qg6 $11 17. Nxe6 fxe6 18. f4 b5 19. h4 c4 $4 (19... Bd6
$142 $5 20. h5 Qf5 $11) 20. h5 (20. dxc4 $142 $5 bxc4 21. Bxc4 $18) 20... Qf5
$16 21. dxc4 dxc4 $2 (21... bxc4 22. Bxc4 $1 Nc5 $16) 22. Ba2 $2 (22. Bxc4 $142
Nc5 23. Bxb5 Nb3+ 24. cxb3 Qxb5 25. Qd3 Qxd3 26. Rxd3 $18) 22... Rfd8 $14 23.
Qg2 Nc5 24. Qc6 Rdc8 25. Qg2 a5 26. Bxc5 Bxc5 27. Qe2 Rd8 28. Rhf1 Rd5 29. Rde1
Re8 30. c3 (30. a4 $5 Bb4 31. c3 $16) 30... Bd6 $11 31. Qe4 Qxe4 32. Rxe4 a4
33. Bb1 Rf8 34. Bc2 Rxg5 $1 $17 35. Bd1 Rg3 36. Rd4 Bc7 37. Re4 Rf6 $19 38. Be2
Kf7 39. Kd2 Rf5 40. Rd4 Ke7 41. Re4 Bd6 42. Rf2 Bc5 43. Rh2 Kd6 (43... Rxf4 44.
Rxf4 Be3+ 45. Kc2 Bxf4 46. Rf2 $19) 44. Rf2 $4 (44. Bd1 Rxf4 $1 45. Rxf4 Be3+
46. Kc2 Bxf4 47. Rf2 $19) 44... Bxf2 0-1

[Event "SR 1. liga zapad 2013/2014"]
[Site "?"]
[Date "2014.02.02"]
[Round "7.8"]
[White "Hecko, Dusan"]
[Black "Belak, Stefan"]
[Result "1-0"]
[WhiteElo "2107"]
[BlackElo "1984"]
[Annotator "Fritz 12 (20s)"]
[PlyCount "117"]
[EventDate "2013.??.??"]

{A21: English Opening: 1...e5 2 Nc3} 1. c4 e5 2. Nc3 Nc6 3. Nf3 f5 4. d3 d6 5.
g3 Nf6 6. Bg2 Be7 7. O-O O-O 8. Rb1 a5 9. a3 Bd7 10. b4 axb4 11. axb4 Qc8 12.
b5 Nd8 13. Qc2 Nf7 14. Bd2 Be6 15. Ra1 Qd7 16. Ng5 Nxg5 17. Bxg5 c6 18. Qb2 h6
19. Bd2 e4 20. Rxa8 Rxa8 21. Ra1 Rxa1+ 22. Qxa1 d5 23. bxc6 bxc6 24. cxd5 cxd5
25. d4 Qb7 26. e3 Kh7 27. Bf1 Bd7 28. Qa2 Be6 29. Be2 Kg8 30. Bd1 Kh7 31. Bb3
Bb4 32. Nb1 Bxd2 $2 33. Nxd2 Qb4 34. Ba4 Qc3 35. Qc2 Qxc2 36. Bxc2 Kg8 37. Kf1
Kf8 38. Nb3 Bd7 39. Nc5 Bb5+ 40. Ke1 Ke7 41. Bd1 g5 42. Kd2 Bf1 43. Ke1 Bc4 44.
f3 Kd6 45. Kf2 Nd7 $2 46. Nxd7 Kxd7 47. h3 Ke6 48. f4 Kf6 49. Ke1 gxf4 50. gxf4
Ke6 51. Ba4 Ke7 52. Bc6 Kd6 53. Be8 Ke7 54. Bh5 Kf6 55. Kd2 Bb5 56. Kc3 Bd7 $4
(56... Bf1 $142 57. h4 Ke6 $18) 57. Kb4 $18 Be6 58. Kc5 Ke7 59. Bd1 1-0

[Event "SR 1. liga zapad 2013/2014"]
[Site "?"]
[Date "2014.03.02"]
[Round "9.8"]
[White "Hecko, Dusan"]
[Black "Prikler, Bruno"]
[Result "1-0"]
[WhiteElo "2107"]
[BlackElo "2090"]
[Annotator "Fritz 12 (20s)"]
[PlyCount "81"]
[EventDate "2013.??.??"]

{A24: English Opening vs King's Indian: Lines without ...Nc6} 1. c4 d6 2. Nc3
Nf6 3. Nf3 g6 4. g3 Bg7 5. Bg2 O-O 6. O-O e5 7. d3 Nbd7 8. Bd2 h6 (8... Nc5 9.
b4 Ne6 10. Ng5 $14) (8... c6 9. Qc1 Re8 10. Ng5 Nf8 11. b4 d5 12. cxd5 cxd5 13.
e4 h6 14. Nf3 dxe4 15. dxe4 Kh7 16. Rd1 Bd7 17. Qb2 Qe7 18. Be3 b6 19. h3 $14)
9. b4 c6 10. Rb1 Kh7 11. Qc2 d5 12. cxd5 cxd5 13. a4 Qe7 14. Rfc1 a6 15. a5 Re8
16. b5 e4 17. Ne1 exd3 18. Nxd3 $18 d4 19. Nd5 Nxd5 $16 20. Bxd5 Nf6 21. Bf3
Ne4 22. Bb4 Qg5 $2 23. bxa6 $18 Rxa6 24. Bxe4 Rxe4 25. Qxc8 Rxe2 26. Re1 Rxe1+
27. Rxe1 Qb5 28. Qc2 Rc6 29. Qd2 h5 30. f4 h4 31. Ne5 Rc7 32. Bd6 Rc3 33. Nxf7
hxg3 34. Ng5+ Kh6 35. Qg2 Qf5 36. hxg3 Qg4 37. Qh2+ Qh5 38. g4 Qxh2+ 39. Kxh2
d3 40. Rh1 Bf6 41. Bf8+ 1-0

[Event "SR 1. liga zapad 2013/2014"]
[Site "?"]
[Date "2014.03.22"]
[Round "10.8"]
[White "Hecko, Dusan"]
[Black "Lecky, Juraj"]
[Result "1/2-1/2"]
[WhiteElo "2107"]
[BlackElo "1863"]
[Annotator "Fritz 12 (20s)"]
[PlyCount "73"]
[EventDate "2013.??.??"]

{A29: English Opening: Four Knights Variation with 4 g3} 1. c4 e5 2. Nc3 Nc6 3.
Nf3 Nf6 4. g3 d6 5. Bg2 Be6 {N} 6. d3 Be7 $11 7. O-O h5 8. Rb1 Qc8 9. Ng5 Bf5
10. h4 O-O 11. b4 Nd4 12. e3 $16 Ne6 13. e4 Bg6 14. Bh3 Ng4 15. Nxe6 $18 fxe6
16. Bxg4 hxg4 17. Qxg4 Kh7 18. f4 $2 (18. h5 $142 Be8 19. Kg2 $18) 18... exf4
19. Bxf4 Bf6 20. Ne2 e5 $16 21. Qxc8 Raxc8 22. Be3 c6 23. Nc3 a6 24. a4 Rfd8
25. Rfd1 Bf7 $16 26. b5 d5 27. bxc6 bxc6 28. cxd5 cxd5 29. Nxd5 Bxd5 30. exd5
Rxd5 31. Kf2 Rc2+ 32. Kf3 Ra2 33. Ke4 Ra5 34. Rb4 R5xa4 35. Rxa4 Rxa4+ 36. Kf5
Ra2 37. g4 $2 (37. Rd2 $14) 1/2-1/2

[Event "SR 1. liga zapad 2013/2014"]
[Site "?"]
[Date "2014.03.23"]
[Round "11.5"]
[White "Hecko, Dusan"]
[Black "Voros, Gellert"]
[Result "1-0"]
[WhiteElo "2107"]
[BlackElo "2038"]
[Annotator "Fritz 12 (20s)"]
[PlyCount "159"]
[EventDate "2013.??.??"]

{A11: English Opening: 1...c6} 1. c4 Nf6 2. Nc3 c6 3. Nf3 d5 4. cxd5 cxd5 5. g3
$2 (5. d4 Nc6 6. Bf4 Bf5 7. e3 e6 8. Bd3) 5... Nc6 6. d3 d4 $15 7. Nb1 (7. Ne4
Nxe4 8. dxe4 e5 $15) 7... e5 8. Bg2 Bd6 9. O-O h6 10. Nbd2 O-O 11. Nc4 Be6 12.
Nxd6 Qxd6 13. Bd2 Rac8 14. Qa4 Nd7 15. Rfc1 a6 16. Be1 $6 (16. Qa3 Qxa3 17.
bxa3 b6 $11) 16... Nb6 $15 17. Qd1 Bd5 18. a3 f5 19. b4 Nd7 20. Nd2 Bxg2 21.
Kxg2 b5 22. Nb3 Ne7 23. Kg1 Nd5 24. Rxc8 Rxc8 25. Rc1 Rc7 26. Bd2 N7f6 27. Rc5
$11 Nd7 28. Rc2 Qe6 29. Rxc7 Nxc7 30. Qc2 Qd6 31. e3 dxe3 $15 32. Bxe3 f4 33.
Bc5 Qe6 34. f3 Qd5 35. Kg2 Ne6 36. Bf2 Nf6 37. Nc5 Qc6 38. Qe2 fxg3 39. hxg3
Ng5 40. Be3 Nf7 41. d4 Ng4 42. dxe5 Ngxe5 43. Bd4 Nc4 44. Qe7 Nd2 45. Qe2 (45.
Qb7 $5 Qxb7 46. Nxb7 $11) 45... Ng5 $15 46. Qxd2 Qxf3+ 47. Kg1 Qxg3+ (47... Qd5
48. Kf2 Nf3 49. Qd3 Nxd4 50. Nxa6 Qa2+ 51. Kf1 Qf7+ 52. Kg2 Qb7+ 53. Kf2 $15)
48. Kf1 $11 Qf3+ 49. Qf2 Qxa3 50. Qd2 Qh3+ 51. Qg2 Qf5+ 52. Bf2 Qb1+ 53. Be1
Qf5+ 54. Qf2 Qd5 55. Qe3 Qc4+ 56. Nd3 Qc6 57. Ne5 Qh1+ 58. Ke2 Qh2+ 59. Kd1
Qh5+ 60. Kc2 Qe8 61. Bc3 Qc8 62. Qd3 Qe6 $14 63. Kb2 Nf7 64. Nd7 Nd6 65. Nc5
Nc4+ 66. Kc1 Qc8 $2 67. Qd5+ $18 Kh8 $4 68. Qf7 Qg8 69. Qg6 Qh7 70. Qxa6 Qf5
71. Qxh6+ Qh7 72. Bxg7+ Kg8 73. Qxh7+ Kxh7 74. Bd4 Kg6 75. Kc2 Kf7 76. Kd3 Ke7
77. Bf2 Kd6 78. Ne4+ Kc6 79. Bd4 Na3 80. Nd2 1-0

[Event "SR 1. liga zapad 2013/2014"]
[Site "?"]
[Date "2013.11.16"]
[Round "15.2"]
[White "Janko, Zoltan"]
[Black "Straka, Jozef 1994"]
[Result "0-1"]
[WhiteElo "2269"]
[BlackElo "2291"]
[PlyCount "80"]
[EventDate "2013.??.??"]
[WhiteTeam "KSC Komarno"]
[BlackTeam "SKS Povazska Bystrica"]

1. e4 d6 2. d4 Nf6 3. Nc3 e5 4. Nf3 Nbd7 5. Be2 Be7 6. O-O O-O 7. h3 c6 8. Be3
Qc7 9. a4 a5 10. Nh4 Nxe4 11. Nxe4 Bxh4 12. dxe5 d5 13. Nd6 Nxe5 14. Nxc8 Rfxc8
15. f4 Nd7 16. Bd3 Bf6 17. c3 Re8 18. Qf3 Be7 19. Bd4 Bc5 20. Rfe1 Bxd4+ 21.
cxd4 Qb6 22. Qf2 Qb4 23. g4 Nf6 24. Re5 Qb3 25. Qe3 Kf8 26. Re1 Qxa4 27. g5 Ne4
28. Bxe4 Rxe5 29. fxe5 dxe4 30. Qxe4 Rd8 31. Rf1 Qxd4+ 32. Qxd4 Rxd4 33. e6 f6
34. gxf6 gxf6 35. Rxf6+ Ke8 36. Rf7 Rb4 37. Rxh7 Rxb2 38. Rh4 b5 39. Re4 a4 40.
h4 a3 0-1

[Event "SR 1. liga zapad 2013/2014"]
[Site "?"]
[Date "2013.12.14"]
[Round "26.2"]
[White "Kovacik, Emil"]
[Black "Straka, Jozef 1994"]
[Result "1/2-1/2"]
[WhiteElo "2207"]
[BlackElo "2291"]
[PlyCount "29"]
[EventDate "2013.??.??"]
[WhiteTeam "SKS Dubnica n/Vahom B"]
[BlackTeam "SKS Povazska Bystrica"]

1. e4 c5 2. Nc3 Nc6 3. g3 g6 4. d3 Bg7 5. Bg2 d6 6. Be3 e5 7. f4 exf4 8. Bxf4
Nge7 9. Nf3 Bg4 10. h3 Bxf3 11. Qxf3 Nd4 12. Qf2 O-O 13. O-O Ne6 14. Be3 Rb8
15. Kh2 1/2-1/2

[Event "SR 1. liga zapad 2013/2014"]
[Site "?"]
[Date "2014.03.01"]
[Round "46.2"]
[White "Straka, Jozef 1994"]
[Black "Dobrotka, Martin"]
[Result "1/2-1/2"]
[WhiteElo "2291"]
[BlackElo "2218"]
[PlyCount "117"]
[EventDate "2013.??.??"]
[WhiteTeam "SKS Povazska Bystrica"]
[BlackTeam "SK Prievidza"]

1. d4 Nf6 2. Nf3 g6 3. Nc3 d5 4. Bf4 Bg7 5. e3 O-O 6. Bd3 c5 7. O-O Nc6 8. dxc5
Nh5 9. Bg5 h6 10. Bh4 Bxc3 11. bxc3 Qa5 12. c4 dxc4 13. Bxc4 Rd8 14. Qe2 Qxc5
15. Rab1 a6 16. Bb3 Na5 17. Nd4 Ng7 18. Rfd1 Rf8 19. Bg3 b5 20. e4 Bb7 21. Nf3
Rfd8 22. Be5 Rxd1+ 23. Rxd1 Nxb3 24. cxb3 Ne6 25. Bb2 Kh7 26. Ne5 f6 27. Qg4
Nf8 28. Nd7 Qc6 29. Nxf8+ Rxf8 30. h4 Qxe4 31. Qxe4 Bxe4 32. Re1 f5 33. f3 Bd5
34. Rxe7+ Bf7 35. Ra7 Kg8 36. Rxa6 Rd8 37. Rb6 Be8 38. a3 Rd3 39. Rb8 Kf7 40.
Rb7+ Ke6 41. b4 g5 42. Rb6+ Rd6 43. Rxd6+ Kxd6 44. Bg7 gxh4 45. Bxh6 Bc6 46.
Kf2 Ke5 47. Bg5 f4 48. Bxh4 Bd5 49. Bd8 Bc4 50. Bc7+ Kf5 51. g3 fxg3+ 52. Bxg3
Bb3 53. Ke3 Bd1 54. Bc7 Bb3 55. f4 Bd1 56. Kd4 Bb3 57. Kc5 Ba4 58. Kd4 Bb3 59.
Kc5 1/2-1/2

[Event "SR 1. liga zapad 2013/2014"]
[Site "?"]
[Date "2014.03.02"]
[Round "51.2"]
[White "Skreno, Vladimir"]
[Black "Straka, Jozef 1994"]
[Result "1/2-1/2"]
[WhiteElo "2195"]
[BlackElo "2291"]
[PlyCount "20"]
[EventDate "2013.??.??"]
[WhiteTeam "NSK Nitra"]
[BlackTeam "SKS Povazska Bystrica"]

1. d4 Nf6 2. Nf3 c5 3. c4 cxd4 4. Nxd4 a6 5. Nc3 e5 6. Nc2 Nc6 7. e4 Bc5 8. Be3
d6 9. Be2 O-O 10. O-O Be6 1/2-1/2

[Event "SR 1. liga zapad 2014/2015"]
[Site "?"]
[Date "2014.10.18"]
[Round "1.1"]
[White "Vojtek, Vladimir"]
[Black "Lanc, Alois"]
[Result "1-0"]
[WhiteElo "2336"]
[BlackElo "2344"]
[PlyCount "101"]
[EventDate "2014.??.??"]

1. e4 e5 2. Nf3 Nc6 3. Bb5 a6 4. Ba4 d6 5. c3 Bd7 6. d3 g6 7. O-O Bg7 8. b4 Nf6
9. Bb3 O-O 10. Nbd2 Nh5 11. Nc4 Kh8 12. a3 Nf4 13. d4 Qe8 14. Re1 Rd8 15. Bxf4
exf4 16. Qd2 Bh6 17. h3 g5 18. Nh2 Rg8 19. Qe2 Bg7 20. Bc2 Ne7 21. Qh5 f6 22.
Qf3 Ng6 23. Qd3 Qe7 24. Nd2 Rge8 25. Ndf3 c5 26. Rad1 cxb4 27. axb4 b5 28. Bb3
Rb8 29. Ra1 Bc8 30. Bd5 Qc7 31. Nf1 Ne7 32. Bf7 Rd8 33. Bb3 h6 34. N1d2 Qd7 35.
Bc2 Qe8 36. Nb3 Qg8 37. Na5 h5 38. Kh1 Qh7 39. d5 Bd7 40. Nd4 Rb6 41. c4 bxc4
42. Nxc4 Rxb4 43. Rxa6 Nc8 44. Nc6 Bxc6 45. dxc6 f3 46. c7 fxg2+ 47. Kxg2 Rg8
48. Nxd6 Nxd6 49. Rxd6 g4 50. Rd8 gxh3+ 51. Kh1 1-0

[Event "SR 1. liga zapad 2014/2015"]
[Site "?"]
[Date "2014.10.18"]
[Round "1.1"]
[White "Vass, Frantisek"]
[Black "Borik, Juraj"]
[Result "1-0"]
[WhiteElo "2280"]
[BlackElo "2188"]
[PlyCount "69"]
[EventDate "2014.??.??"]

1. d4 Nf6 2. Nf3 g6 3. c4 Bg7 4. Nc3 O-O 5. e4 d6 6. Be2 e5 7. d5 h6 8. Nd2 Nh7
9. g4 f5 10. gxf5 gxf5 11. exf5 e4 12. Ndxe4 Bxf5 13. Be3 Nd7 14. Qd2 Qh4 15.
Ng3 Bg6 16. O-O-O Rae8 17. Rdf1 Nc5 18. f4 Nf6 19. f5 Nfe4 20. Ngxe4 Nxe4 21.
Nxe4 Qxe4 22. fxg6 Qxe3 23. Rxf8+ Bxf8 24. Qxe3 Rxe3 25. Kd2 Re5 26. h4 h5 27.
Rf1 Be7 28. Rf7 Bxh4 29. Rxc7 Re7 30. Rxe7 Bxe7 31. Bxh5 Kg7 32. Ke3 Bf6 33. b4
Kh6 34. c5 dxc5 35. bxc5 1-0

[Event "SR 1. liga zapad 2014/2015"]
[Site "?"]
[Date "2014.10.18"]
[Round "1.1"]
[White "Podoba, Milan"]
[Black "Banas, Jan"]
[Result "0-1"]
[WhiteElo "2131"]
[BlackElo "2273"]
[PlyCount "68"]
[EventDate "2014.??.??"]

1. e4 c5 2. c3 Nf6 3. e5 Nd5 4. Bc4 Nb6 5. Bb3 c4 6. Bc2 Nc6 7. Nf3 d6 8. exd6
Qxd6 9. O-O Bg4 10. h3 Bh5 11. Qe2 e6 12. b3 cxb3 13. axb3 Qf4 14. Be4 Bd6 15.
g3 Qf6 16. d4 Qe7 17. Ba3 O-O 18. Bxc6 bxc6 19. Bxd6 Qxd6 20. Qe5 Qd5 21. Ra5
Qxf3 22. Qxh5 Qxh5 23. Rxh5 f5 24. g4 Nd5 25. gxf5 exf5 26. Re1 Rab8 27. b4 g6
28. Rg5 Rfe8 29. Kf1 Rxe1+ 30. Kxe1 a5 31. Rg3 axb4 32. c4 Nf4 33. Rf3 Re8+ 34.
Kd1 Re4 0-1

[Event "SR 1. liga zapad 2014/2015"]
[Site "?"]
[Date "2014.10.18"]
[Round "1.1"]
[White "Lukac, Roman"]
[Black "Bombek, Peter"]
[Result "0-1"]
[WhiteElo "2092"]
[BlackElo "2156"]
[PlyCount "74"]
[EventDate "2014.??.??"]

1. e4 e6 2. d4 d5 3. Nc3 Nf6 4. e5 Nfd7 5. f4 c5 6. Nf3 Nc6 7. Be3 Be7 8. Qd2
O-O 9. Be2 b6 10. O-O Qc7 11. Rae1 a6 12. Kh1 Bb7 13. Nd1 Rac8 14. c3 cxd4 15.
Nxd4 Nc5 16. Bd3 Nxd3 17. Qxd3 Bc5 18. Nb3 Ne7 19. Bd4 a5 20. Ne3 a4 21. Nd2 a3
22. b3 Ra8 23. Rf2 Ba6 24. Qc2 Rfc8 25. Nf3 Bxd4 26. cxd4 Qc3 27. Qd1 Bd3 28.
h3 h6 29. Kh2 Be4 30. g4 Bxf3 31. Rxf3 Qb2+ 32. Re2 Rc1 33. Qd3 Rc3 34. Qd2 Nc6
35. Qe1 Nxd4 36. Rff2 Nxe2 37. Rxe2 Rxe3 0-1

[Event "SR 1. liga zapad 2014/2015"]
[Site "?"]
[Date "2014.10.18"]
[Round "1.1"]
[White "Sukuba, Zdeno"]
[Black "Miklas, Marian"]
[Result "1/2-1/2"]
[WhiteElo "2096"]
[BlackElo "2112"]
[PlyCount "43"]
[EventDate "2014.??.??"]

1. Nf3 g6 2. c4 Bg7 3. Nc3 c5 4. g3 Nc6 5. Bg2 e5 6. d3 Nge7 7. a3 Rb8 8. O-O
O-O 9. Rb1 a5 10. Bd2 d6 11. Ne1 Be6 12. e4 h6 13. Nc2 f5 14. b4 axb4 15. axb4
b6 16. Nd5 Kh7 17. b5 Nd4 18. Nxd4 exd4 19. Nxe7 Qxe7 20. Qe2 fxe4 21. Qxe4 Qf7
22. f4 1/2-1/2

[Event "SR 1. liga zapad 2014/2015"]
[Site "?"]
[Date "2014.10.18"]
[Round "1.1"]
[White "Kavon, Rastislav"]
[Black "Pupak, Tomas"]
[Result "1-0"]
[WhiteElo "2153"]
[BlackElo "2022"]
[PlyCount "55"]
[EventDate "2014.??.??"]

1. e4 c6 2. d4 d5 3. Nc3 dxe4 4. Nxe4 Bf5 5. Ng3 Bg6 6. h4 h6 7. Nf3 Nd7 8. h5
Bh7 9. Bd3 Bxd3 10. Qxd3 e6 11. Bd2 Ngf6 12. O-O-O Qc7 13. Ne4 Nxe4 14. Qxe4
Nf6 15. Qe2 O-O-O 16. g3 Bd6 17. c4 c5 18. Bc3 cxd4 19. Nxd4 a6 20. Kb1 Kb8 21.
Nb3 Ka8 22. Ba5 b6 23. c5 bxa5 24. Qxa6+ Qa7 25. Rxd6 a4 26. Qc6+ Kb8 27. Rh4
Nd5 28. Rxd5 1-0

[Event "SR 1. liga zapad 2014/2015"]
[Site "?"]
[Date "2014.10.18"]
[Round "1.1"]
[White "Orgon, Dusan"]
[Black "Liptak, Tomas"]
[Result "0-1"]
[WhiteElo "2066"]
[BlackElo "2168"]
[PlyCount "90"]
[EventDate "2014.??.??"]

1. d4 Nf6 2. Nf3 g6 3. Nc3 d5 4. Bf4 c6 5. e3 Bg7 6. Be2 O-O 7. Ne5 Nbd7 8. h4
h6 9. g4 Ne4 10. Nxe4 dxe4 11. c3 Nxe5 12. Bxe5 Bxe5 13. dxe5 Be6 14. g5 hxg5
15. hxg5 Qc7 16. Qd4 Rfd8 17. Qxe4 Bd5 18. Qh4 Bxh1 19. e6 Qe5 20. exf7+ Kxf7
21. Qh7+ Kf8 22. Qh6+ Kg8 23. Qxh1 Qxg5 24. Rd1 Kg7 25. Rd4 Rxd4 26. cxd4 Qa5+
27. Kf1 Qxa2 28. Qe4 Qf7 29. Bd3 Rf8 30. Qg2 Qf6 31. f4 Kf7 32. Ke2 Rh8 33. Kd1
Rh6 34. Kc2 Qh4 35. Kb3 Qf6 36. Bc4+ Kg7 37. Ka2 b5 38. Bb3 a5 39. Bc2 Qe6+ 40.
Kb1 Qxe3 41. Qxc6 Qxf4 42. Qxb5 Qxd4 43. Qxa5 Rh5 44. Qa6 Qd6 45. Qa8 Qd5 0-1

[Event "SR 1. liga zapad 2014/2015"]
[Site "?"]
[Date "2014.10.18"]
[Round "1.1"]
[White "Puskar, Peter"]
[Black "Kutny, Marian"]
[Result "0-1"]
[WhiteElo "2051"]
[BlackElo "1938"]
[PlyCount "80"]
[EventDate "2014.??.??"]

1. e4 c5 2. Nf3 Nc6 3. Nc3 d6 4. d4 cxd4 5. Nxd4 Nf6 6. Be2 g6 7. Be3 Bg7 8.
Qd2 O-O 9. O-O-O Ng4 10. Bxg4 Bxg4 11. f3 Bd7 12. g4 Nxd4 13. Bxd4 Bxd4 14.
Qxd4 Be6 15. h4 Qa5 16. Kb1 Rac8 17. Nd5 Bxd5 18. exd5 Qc5 19. Qe4 Rc7 20. h5
Kg7 21. c3 b5 22. Rd4 a5 23. a3 Rb7 24. Qe3 Rh8 25. h6+ Kf8 26. b4 Qb6 27. f4
Ke8 28. f5 gxf5 29. gxf5 Rg8 30. Rg1 Rxg1+ 31. Qxg1 axb4 32. axb4 Ra7 33. Qg8+
Kd7 34. Qxf7 Qa6 35. Qe6+ Kd8 36. Kc2 Qa1 37. Qg8+ Kc7 38. Qxh7 Ra2+ 39. Kd3
Qf1+ 40. Ke4 Re2+ 0-1

[Event "SR 1. liga zapad 2014/2015"]
[Site "?"]
[Date "2014.10.18"]
[Round "1.2"]
[White "Motuz, Karol"]
[Black "Pagerka, Martin"]
[Result "1-0"]
[WhiteElo "2336"]
[BlackElo "2300"]
[PlyCount "127"]
[EventDate "2014.??.??"]

1. d4 Nf6 2. c4 g6 3. Nc3 d5 4. Bf4 Bg7 5. e3 O-O 6. Rc1 c5 7. dxc5 Be6 8. Nf3
Nc6 9. Be2 Qa5 10. Ng5 Ne4 11. Ngxe4 dxe4 12. O-O f5 13. Qb3 Bc8 14. Qb5 Qd8
15. Rcd1 Qe8 16. Bc7 Bxc3 17. bxc3 Qf7 18. f3 Qf6 19. fxe4 Qxc3 20. Qb3 Qxb3
21. axb3 Be6 22. exf5 gxf5 23. Bf3 Rac8 24. Bxc6 bxc6 25. Be5 Rcd8 26. Rd4 Kf7
27. Ra1 Ra8 28. Ra6 Rfc8 29. Kf2 h5 30. g3 Kg6 31. Ke2 Kf7 32. Kd2 Kg6 33. Kc3
Kf7 34. b4 Ke8 35. Rd2 Bd7 36. Rda2 Kd8 37. R2a5 Ke8 38. Kd4 Be6 39. b5 Rd8+
40. Kc3 Rd1 41. Ra1 Rxa1 42. Rxa1 Bc8 43. Kb4 Bb7 44. Rf1 Bc8 45. Rf4 a5+ 46.
Ka4 Kf7 47. Rh4 Kg6 48. Rd4 Kf7 49. Rd8 Ke6 50. Bc7 Kf6 51. Rxc8 cxb5+ 52. cxb5
Rxc8 53. b6 Ke6 54. b7 Rxc7 55. b8=Q Rxc5 56. Qb6+ Kd5 57. Qd8+ Ke6 58. Qg8+
Kd7 59. Qh7 Kd6 60. Qxh5 Ke5 61. Qh8+ Ke6 62. h4 Re5 63. h5 Rxe3 64. Qh6+ 1-0

[Event "SR 1. liga zapad 2014/2015"]
[Site "?"]
[Date "2014.10.18"]
[Round "1.2"]
[White "Bury, Rastislav"]
[Black "Straka, Jozef"]
[Result "1/2-1/2"]
[WhiteElo "2147"]
[BlackElo "2293"]
[PlyCount "36"]
[EventDate "2014.??.??"]

1. Nf3 Nf6 2. g3 g6 3. Bg2 Bg7 4. O-O O-O 5. d4 d6 6. c4 Nbd7 7. Nc3 e5 8. e4
exd4 9. Nxd4 Re8 10. h3 Nc5 11. Re1 a5 12. Bg5 c6 13. Qd2 Qb6 14. Rad1 Nfd7 15.
Be3 Ne5 16. b3 Qc7 17. Qc2 Ned7 18. Kh2 h5 1/2-1/2

[Event "SR 1. liga zapad 2014/2015"]
[Site "?"]
[Date "2014.10.18"]
[Round "1.2"]
[White "Jakubek, Peter"]
[Black "Kimerling, Martin"]
[Result "1/2-1/2"]
[WhiteElo "2169"]
[BlackElo "2157"]
[PlyCount "94"]
[EventDate "2014.??.??"]

1. d4 c5 2. d5 e6 3. Nc3 Nf6 4. Bg5 d6 5. e4 Be7 6. dxe6 Bxe6 7. Bb5+ Nc6 8.
Nf3 O-O 9. O-O h6 10. Bh4 Qb6 11. Re1 Nd4 12. a4 a6 13. a5 Qc7 14. Be2 Nxe2+
15. Rxe2 Rfd8 16. Nd5 Nxd5 17. exd5 Bxh4 18. Nxh4 Bg4 19. f3 Bd7 20. g4 Re8 21.
Ra3 Bb5 22. Re1 Rxe1+ 23. Qxe1 Re8 24. Re3 Rxe3 25. Qxe3 Qxa5 26. Nf5 Qa1+ 27.
Kg2 Qxb2 28. Nxd6 Qxc2+ 29. Kg3 Qb1 30. Nxb5 axb5 31. d6 Qd1 32. Qe8+ Kh7 33.
d7 Qg1+ 34. Kh3 Qf1+ 35. Kg3 Qg1+ 36. Kf4 Qxh2+ 37. Ke3 Qg1+ 38. Kd2 Qd4+ 39.
Ke2 Qb2+ 40. Kf1 Qc1+ 41. Qe1 Qg5 42. Qe8 Qc1+ 43. Kf2 Qd2+ 44. Kg3 Qd6+ 45.
Kh3 Qd1 46. Kg2 Qd2+ 47. Kg3 Qd6+ 1/2-1/2